000 00683cam a2200205 4500
001 WB3909-12
008 030304n2003 000 0 eng u
035 _a(Sirsi) u121510
245 _aFinding the right tenants
260 _c2003
490 _aRetail Week
_v 28 February 2003, 31(1)
520 _aAssesses the need to balance the mixture of tenants in a shopping centre in order to ensure the centre's success and the ways in which this can be achieved and maintained by the landlord and tenants.
590 _aWB
650 _aSHOPPING CENTRES
650 _aTENANTS
650 _aRETAIL
650 _aLANDLORDS
690 _aPROPERTY-COMMERCIAL PROPERTY
942 _n0
999 _c72215
_d72215